LEADER 01192nam a2200277 i 4500 001 000000065323 003 CaOOAMICUS 005 20111122000000.0 008 111122s1981 it u000 u ita u 013 $a36495 040 $aSeMil$bita 100 1 $aMcNeill, William H. <1917->.$0(OLS)http://semarc/name/32842 240 10$aPlagues and Peoples.$0(OLS)http://semarc/title/103646 245 13$aLa peste nella storia :$bepidemie, morbi e contagio dall'antichità all'età contemporanea /$cWilliam H. McNeill. 260 $aTorino :$bEinaudi,$ccopyr. 1981. 300 $aX, 282 p. ;$c22 cm. 490 0 $aSaggi ;$v633 500 $aContiene : Appendice. 650 4$aEpidemie.$0(OLS)http://semarc/subject/12733 650 4$aPeste.$0(OLS)http://semarc/subject/9503 830 0$aSaggi ;$v633.$0(OLS)http://semarc/title/341 850 $aSeMil 852 $aSeMil$W1$xVenegono$y1$m3U V 258$j31476$B31476$CSeMilBibl$Z2$F31479 $81 961 $aOmaggio: Ciprandi dott. Paolo 996 $6245$aLa peste nella storia :$bepidemie, morbi e contagio dall'antichità all'età contemporanea$9(OLS)http://semarc/title/103645 996 $6260$aTorino :$bEinaudi$9(OLS)http://semarc/publisher/29884 LEADER 00557nab a2200145 i 4500 001 000000276377 003 CaOOAMICUS 005 20111130000000.0 008 111130n xx uu u0 0und r 013 $a26005 040 $aSeMil$bita 245 10$aAfrica, coraggio, alzati!. - 16 p. - Titolo principale dalla prima pagina. 500 $a27 novembre 2011. 773 0 $t[2011 : Luglio-Dicembre].$dBologna : Centro Editoriale Dehoniano, 2011.$w()203780 996 $6245$aAfrica, coraggio, alzati!. - 16 p. - Titolo principale dalla prima pagina.$9(OLS)http://semarc/title/361863